| 000 | 00950cab a2200313 4500 | ||
|---|---|---|---|
| 001 | ABS54797 | ||
| 008 | 090401t1996 xxu||||| |||| 00| 0 eng d | ||
| 035 | _a(Sirsi) u12301 | ||
| 041 | _aeng | ||
| 100 | _aMole, D. | ||
| 245 | _aPlanning gain after the Tesco case | ||
| 260 | _c1996 | ||
| 350 | _a0 | ||
| 490 |
_aJournal of Planning and Environment Law _vMarch 1996, 183-193(11) |
||
| 520 | _aExamines existing policy on planning gain post "Tesco Stores v SoS Environment" 1995. | ||
| 650 | _aDOE CIRCULAR 01/1985 | ||
| 650 | _aDOE CIRCULAR 16/1991 | ||
| 650 | _aGOOD V EPPING FOREST DC | ||
| 650 | _aMATERIAL CONSIDERATIONS | ||
| 650 | _aPLANNING CONDITIONS | ||
| 650 | _aPLANNING GAIN | ||
| 650 | _aPLANNING OBLIGATIONS | ||
| 650 | _aSUPERSTORES | ||
| 650 | _aTESCO STORES V SOS ENVIRONMENT | ||
| 650 | _aTOWN AND COUNTRY PLANNING ACT 1971 S52 | ||
| 690 | _aPLANNING LAW AND PRACTICE | ||
| 942 | _n0 | ||
| 948 | _c04/03/1997 | ||
| 999 |
_c7870 _d7870 |
||